00225nam a22001097a 4500041000900000082001600009100002500025245001700050300000800067505002400075650001600099 aUrdu a297.63bABD aAbdul Aziz, Mohammed aZikr-e-Milad a104 aAkhlaq -e-Sikandari aIslam-Milad